[Event "AUTO-OPEN-3651"]
[Site "http://www.queenalice.com/game.php?id=1422873"]
[Date "2016.5.13"]
[Round "1"]
[White "marreta7"]
[Black "Hipatia"]
[Result "1-0"]
[WhiteElo "1678"]
[BlackElo "1523"]

1. e4 d5 2. e5 a6 3. d4 e6 4. a3 Nc6 5. Nf3 h6 6. Nc3 Bd7 7. h3 f6 8. exf6 Qxf6
9. Bd3 Bd6 10. O-O Nxd4 11. Nxd4 1-0

[Event "AUTO-INT-3138"]
[Site "http://www.queenalice.com/game.php?id=1422930"]
[Date "2016.5.13"]
[Round "1"]
[White "daniel0176"]
[Black "Hipatia"]
[Result "1-0"]
[WhiteElo "1696"]
[BlackElo "1532"]

1. e4 Nf6 2. d3 e5 3. Nf3 Nc6 4. Bg5 Be7 5. Nc3 Bb4 6. Qd2 d6 7. a3 Ba5 8. b4
Bb6 9. Be2 a6 10. h3 Qd7 11. Bxf6 gxf6 12. Nd5 Qe6 13. O-O Ne7 14. Nxe7 Qxe7 15.
c3 a5 16. bxa5 Bxa5 17. d4 1-0

[Event "AUTO-INT-3138"]
[Site "http://www.queenalice.com/game.php?id=1422931"]
[Date "2016.5.13"]
[Round "1"]
[White "Hipatia"]
[Black "daniel0176"]
[Result "0-1"]
[WhiteElo "1542"]
[BlackElo "1686"]

1. e3 e5 2. d4 Bd6 3. Qg4 Qf6 4. Ne2 Nh6 5. Qg3 O-O 6. h3 e4 7. f4 exf3 8. Qxf3
Qe7 9. Bd2 Nc6 10. a3 b5 11. Nec3 Nxd4 12. Qxa8 Nxc2+ 13. Kd1 Nxa1 0-1

[Event "AUTO-INT-3138"]
[Site "http://www.queenalice.com/game.php?id=1422948"]
[Date "2016.5.13"]
[Round "1"]
[White "Hipatia"]
[Black "tche_elvio"]
[Result "0-1"]
[WhiteElo "1462"]
[BlackElo "1573"]

1. e3 e6 2. c3 d5 3. d4 Nc6 4. Bd3 Nf6 5. Nd2 Be7 6. h3 O-O 7. b4 a6 8. Ngf3 b5
9. a4 Na7 10. Qc2 Bb7 11. g4 Ne4 12. h4 Nxd2 0-1

[Event "AUTO-INT-3138"]
[Site "http://www.queenalice.com/game.php?id=1422949"]
[Date "2016.5.13"]
[Round "1"]
[White "tche_elvio"]
[Black "Hipatia"]
[Result "1-0"]
[WhiteElo "1560"]
[BlackElo "1475"]

1. d4 e6 2. c4 Bd6 3. Nc3 a6 4. e4 Bb4 5. Nf3 c6 6. Be2 h6 7. O-O Ne7 8. Bd2 Ba5
9. c5 Ng6 10. a3 d6 11. b4 Bc7 12. h3 dxc5 13. dxc5 1-0

[Event "Challenge"]
[Site "http://www.queenalice.com/game.php?id=1602251"]
[Date "2020.3.11"]
[Round "-"]
[White "Hipatia"]
[Black "Camy"]
[Result "1-0"]
[WhiteElo "1504"]
[BlackElo "1541"]

1. e4 e5 2. Nf3 Nc6 3. Bc4 Qe7 4. a3 Nf6 5. d3 Nd4 6. Ng5 d5 7. exd5 Nf5 8. O-O
h6 9. Nf3 Bd7 10. Re1 O-O-O 11. Bd2 a6 12. Bc3 b5 13. Bb3 c6 14. dxc6 Bxc6 15.
Nxe5 Bb7 16. Nxf7 Bd5 17. Rxe7 Bxe7 18. Nxh8 Rxh8 19. Qe1 Bd6 20. Bxd5 Re8 21.
Qd1 h5 22. Bb3 Ng4 23. g3 g6 24. Qf3 a5 25. Qa8+ Kd7 26. Qb7+ Bc7 27. Qxb5+ Kd8
28. Qd5+ Nd6 29. Ba4 Rf8 30. Nd2 Kc8 31. Qa8+ Bb8 32. Bxa5 Rxf2 33. Qc6+ Bc7 34.
Qxc7# 1-0

[Event "Let's Play Chess!"]
[Site "http://www.queenalice.com/game.php?id=1602976"]
[Date "2020.3.18"]
[Round "-"]
[White "paolop69"]
[Black "Hipatia"]
[Result "0-1"]
[WhiteElo "1694"]
[BlackElo "1439"]

1. e4 Nc6 2. Bc4 Nf6 3. d3 e6 4. c3 Bd6 5. h3 O-O 6. Nf3 Be7 7. a3 d6 8. Bb3 a6
9. Bc2 e5 10. Be3 g6 11. g4 d5 12. Bg5 Re8 13. Nbd2 d4 14. c4 b6 15. Ba4 Bd7 16.
Bxc6 Bxc6 17. Nxe5 Bb7 18. Nb3 c5 19. f3 Qd6 20. Bf4 Qe6 21. Bg3 Bd6 22. f4 Kf8
23. f5 gxf5 24. gxf5 Qc8 25. Qd2 Bxe5 26. Bxe5 Rxe5 27. Qh6+ Ke7 28. Qf4 Nd7 29.
f6+ Kd6 30. Rg1 Qh8 31. Rg7 Rf8 32. Rg5 Re8 33. Rxe5 Nxe5 34. O-O-O Qg8 35. Nd2
Kc6 36. Nf3 Nd7 37. Qg5 Qf8 38. Qg7 Qxg7 39. fxg7 h6 40. Rg1 Nf6 41. Nh4 b5 42.
b3 a5 43. Nf5 Ng8 44. cxb5+ Kc7 45. a4 Bc8 46. b6+ Kc6 47. h4 Re6 48. h5 Kxb6
49. Kd2 Bd7 50. Rg3 Kc6 51. Nxh6 Rxh6 52. Rf3 Be6 0-1

[Event "Challenge"]
[Site "http://www.queenalice.com/game.php?id=1608176"]
[Date "2020.4.18"]
[Round "-"]
[White "zatara123"]
[Black "Hipatia"]
[Result "0-1"]
[WhiteElo "1501"]
[BlackElo "1465"]

1. e3 Nf6 2. c3 e5 3. d4 e4 4. f4 d5 5. Bb5+ c6 6. Be2 Be7 7. Nh3 h6 8. b4 a6 9.
a4 O-O 10. c4 Bxb4+ 11. Bd2 Qa5 12. Ra2 Bxd2+ 13. Nxd2 Qd8 14. Rf1 a5 15. f5 Na6
16. g4 Nh7 17. c5 Nc7 18. Nb3 Qh4+ 19. Nf2 Ng5 20. h3 Nxh3 21. Rd2 Ne8 22. Rc2
Nf6 23. Kd2 Nxf2 24. Qe1 h5 25. Rxf2 hxg4 26. Kc1 Qg5 27. Qh1 g6 28. fxg6 fxg6
29. Rh2 Nh5 30. Rc3 Kg7 31. Kb2 Rh8 32. Qg1 g3 33. Rg2 Bh3 34. Rh2 Bg4 35. Rg2
Bxe2 36. Rxe2 Qg4 37. Nc1 Nf6 38. Rcc2 Rab8 39. Rg2 Rh3 40. Nb3 Ra8 41. Qe1 Nd7
42. Nxa5 Rb8 43. Ka2 Nf8 44. Rb2 Ne6 45. Nxb7 Ng5 46. Qa5 Qc8 47. Qa6 Ra8 48.
Qb6 Rxa4+ 49. Kb1 Rh1+ 50. Kc2 Rh2 51. Kb3 Qa8 52. Qc7+ Nf7 53. Nd6 Ra3+ 54. Kc2
Rxg2+ 55. Kc1 Ra1+ 0-1

[Event "Challenge"]
[Site "http://www.queenalice.com/game.php?id=1612103"]
[Date "2020.5.13"]
[Round "-"]
[White "Hipatia"]
[Black "Nikita"]
[Result "0-1"]
[WhiteElo "1521"]
[BlackElo "1438"]

1. d4 d5 2. Nc3 c6 3. e4 dxe4 4. Nxe4 Bf5 5. Ng3 e6 6. Bc4 Nf6 7. Bg5 Bg4 8. Qd2
Be7 9. h3 Bh5 10. f3 b5 11. Bb3 Bd6 12. N1e2 Na6 13. a3 b4 14. Qd3 Qa5 15. a4 c5
16. Bc4 b3+ 17. c3 Bxg3+ 18. Nxg3 cxd4 19. Qxd4 e5 20. Qd6 Qc7 21. Qxa6 h6 22.
Bb5+ Ke7 23. Nxh5 Rhd8 24. Bh4 Rd6 25. Bc6 Rxc6 26. Qd3 g5 27. Nxf6 Kxf6 28. Qh7
gxh4 29. Qxh6+ Ke7 30. Qxh4+ f6 31. Qb4+ Kd7 32. Rd1+ Kc8 33. Qf8+ Kb7 34. Qb4+
Rb6 35. Qe4+ Rc6 36. O-O Rg8 37. Rd5 Qg7 38. Rf2 a5 39. Rxa5 Qd7 40. Kh2 f5 41.
Qe3 f4 42. Ra7+ Kc8 43. Rxd7 fxe3 0-1

[Event "Challenge"]
[Site "http://www.queenalice.com/game.php?id=1616117"]
[Date "2020.6.11"]
[Round "-"]
[White "Basilederouff"]
[Black "Hipatia"]
[Result "0-1"]
[WhiteElo "1147"]
[BlackElo "1516"]

1. e4 d5 2. Bb5+ c6 3. Bd3 e6 4. Nf3 Nd7 5. O-O Nc5 6. Be2 Nxe4 7. c3 Ngf6 8. d3
Nd6 9. Bg5 Be7 10. Nbd2 Qc7 11. Nb3 O-O 12. c4 Bd8 13. Na5 Qxa5 14. Qd2 Qa6 15.
c5 Nb5 16. a4 Nc7 17. a5 b5 18. g3 Nce8 19. Nd4 Rb8 20. Bh5 Bd7 21. b4 Nxh5 22.
g4 Nhf6 23. Qf4 Qc8 24. a6 Bc7 25. Qe3 Nxg4 26. Qg3 Bxg3 27. fxg3 f6 28. Bf4 e5
29. Be3 Nxe3 30. Rf2 exd4 31. Rf4 Nc2 32. Ra2 Nxb4 33. Ra3 Nxa6 34. h4 Qb7 35.
Rxd4 Nxc5 36. Rc3 b4 37. Rxc5 b3 38. h5 b2 39. Re4 b1=Q+ 40. Kg2 dxe4 41. dxe4
Q7b2+ 42. Kf3 Qf1+ 43. Ke3 Rb3+ 44. Rc3 Qxc3# 0-1

[Event "Challenge"]
[Site "http://www.queenalice.com/game.php?id=1617404"]
[Date "2020.6.20"]
[Round "-"]
[White "Hipatia"]
[Black "Nikita"]
[Result "1-0"]
[WhiteElo "1502"]
[BlackElo "1453"]

1. d4 e6 2. e4 Bb4+ 3. c3 Ba5 4. Bc4 d5 5. Qa4+ c6 6. exd5 b5 7. Bxb5 cxb5 8.
Qxb5+ Bd7 9. Qb7 Bc6 10. dxc6 Nxc6 11. Qxc6+ Kf8 12. Nf3 Ne7 13. Qa4 h5 14. b4
Bb6 15. O-O h4 16. Bg5 f6 17. Bxh4 g5 18. Bg3 a5 19. Re1 Qd5 20. Nbd2 g4 21. Nh4
Rc8 22. Qc2 axb4 23. Ng6+ Nxg6 24. Qxg6 bxc3 25. Qxf6+ Kg8 26. Rxe6 Bxd4 27.
Qg6+ Bg7 28. Ne4 Rh6 29. Nf6+ Kf8 30. Re8+ Rxe8 31. Qxe8# 1-0

[Event "Challenge"]
[Site "http://www.queenalice.com/game.php?id=1619895"]
[Date "2020.7.11"]
[Round "-"]
[White "Hipatia"]
[Black "cavaliernoir"]
[Result "1-0"]
[WhiteElo "1518"]
[BlackElo "1500"]

1. d4 d5 2. Nc3 Nc6 3. Bf4 e6 4. a3 Bd6 5. Be3 Nge7 6. Nf3 O-O 7. Qd3 Na5 8. Ng5
g6 9. Bd2 Nc4 10. Bc1 e5 11. e4 Nb6 12. Nf3 dxe4 13. Qxe4 c6 14. Be3 Bf5 15. Qh4
Qd7 16. Ng5 h6 17. Qxh6 Bxc2 18. Qh7# 1-0

[Event "Challenge"]
[Site "http://www.queenalice.com/game.php?id=1619896"]
[Date "2020.7.11"]
[Round "-"]
[White "cavaliernoir"]
[Black "Hipatia"]
[Result "0-1"]
[WhiteElo "1485"]
[BlackElo "1533"]

1. e4 Nc6 2. d3 Nf6 3. Be3 d5 4. Qf3 d4 5. Bd2 e5 6. Ne2 Bb4 7. c3 Bc5 8. b4 Bd6
9. Na3 a6 10. Ng3 Bg4 11. Qd1 Bxd1 12. Rxd1 Qe7 13. Nf5 Qf8 14. Nc4 dxc3 15.
Bxc3 Be7 16. Nxe5 Bxb4 17. Nxc6 Bxc3+ 18. Ke2 bxc6 19. Rc1 Qb4 20. f3 Qb2+ 21.
Kd1 Qd2# 0-1

[Event "Challenge"]
[Site "http://www.queenalice.com/game.php?id=1621088"]
[Date "2020.7.21"]
[Round "-"]
[White "Hipatia"]
[Black "paolop69"]
[Result "1-0"]
[WhiteElo "1554"]
[BlackElo "1650"]

1. d4 e6 2. Nf3 f6 3. e4 c6 4. Bd2 d6 5. Bd3 Bd7 6. O-O a6 7. Bc3 Ne7 8. Na3 b5
9. Nb1 Bc8 10. b4 Nd7 11. a3 Bb7 12. Nh4 g6 13. Be2 d5 14. Qd3 Bh6 15. f4 Bxf4
16. Rxf4 g5 17. Bh5+ Kf8 18. Rg4 gxh4 19. Rxh4 Nb6 20. Bd2 Nc4 21. Bh6+ Kg8 22.
Qg3+ Ng6 23. Bxg6 Qe7 24. Bh5+ 1-0

[Event "Challenge"]
[Site "http://www.queenalice.com/game.php?id=1621089"]
[Date "2020.7.21"]
[Round "-"]
[White "paolop69"]
[Black "Hipatia"]
[Result "0-1"]
[WhiteElo "1586"]
[BlackElo "1574"]

1. e4 d5 2. d3 e5 3. Nd2 Bc5 4. Ngf3 Bg4 5. h3 Be6 6. Nxe5 Qf6 7. Ndf3 h6 8. a3
Nd7 9. Nxd7 Bxd7 10. e5 Qe6 11. d4 Bb6 12. c3 O-O-O 13. Be2 f6 14. Nh2 h5 15.
Bxh5 Ne7 16. Bg4 f5 17. Be2 Nc6 18. Bg5 Rdg8 19. Be3 g5 20. Nf3 f4 21. Bd2 g4
22. Ng1 Qg6 23. h4 Qf5 24. g3 fxg3 25. fxg3 Be6 26. Bf4 Ne7 27. Bd3 Qf7 28. Qe2
Nc6 29. Bb5 Nb8 30. b4 a5 31. Qd3 c6 32. Ba4 Bf5 33. Qd2 Rh5 34. Bb3 Nd7 35. Ba4
Qg6 36. Ne2 Bd3 37. b5 c5 38. Bb3 Qe4 39. Rg1 c4 40. Ba2 a4 41. Qd1 Ba5 42. Rc1
Nb6 43. Qd2 Qg6 44. Qb2 Nd7 45. Bb1 Bd8 46. Rd1 Be7 47. Bxd3 cxd3 48. Nc1 Qe4+
49. Kd2 Rg6 50. Rde1 Qf5 51. Nxd3 Bxh4 52. Qb4 Bg5 53. e6 Rh2+ 54. Re2 Rxe2+ 55.
Kxe2 Qxe6+ 56. Ne5 Nxe5 57. Qf8+ Kd7 58. dxe5 Be7 59. Qb8 Qb6 60. Rd1 Qxb5+ 61.
Rd3 Qb2+ 62. Rd2 Qb5+ 63. Rd3 Rb6 64. e6+ Rxe6+ 65. Be3 Re4 66. c4 Rxc4 67.
Rxd5+ Qxd5 0-1

[Event "Challenge"]
[Site "http://www.queenalice.com/game.php?id=1621512"]
[Date "2020.7.25"]
[Round "-"]
[White "Hipatia"]
[Black "AdilsonGomes"]
[Result "1-0"]
[WhiteElo "1547"]
[BlackElo "1315"]

1. d4 b6 2. e4 Bb7 3. Nc3 Nf6 4. Bd3 e6 5. Bf4 d5 6. e5 Nh5 7. Qxh5 Nc6 8. a3
Nxd4 9. Nh3 g6 10. Qg4 Bg7 11. Bg3 O-O 12. Qxd4 c5 13. Qg4 d4 14. Ne2 Bxg2 15.
Rg1 Bxh3 16. Qxh3 1-0